Statistics for Taylor Swift - Speak Now (Taylor's Version) Track Listing

Click here to take the quiz!

General Stats

  • This quiz has been taken 22 times
  • The average score is 21 of 22

Answer Stats

Track% Correct
3Back To December
100%
10Better Than Revenge
100%
20Castles Crumbling (feat. Hayley Williams)
100%
5Dear John
100%
19I Can See You
100%
14Long Live
100%
6Mean
100%
1Mine
100%
2Sparks Fly
100%
4Speak Now
100%
17Electric Touch (feat. Fall Out Boy)
95%
13Last Kiss
95%
8Never Grow Up
95%
16Superman
95%
7The Story Of Us
95%
22Timeless
95%
18When Emma Falls In Love
95%
9Enchanted
89%
21Foolish One
89%
11Innocent
89%
15Ours
89%
12Haunted
84%

Score Distribution

Percentile by Number Answered

Percent of People with Each Score

Your Score History

You have not taken this quiz